| 000 | 01466nam a22004097a 4500 | ||
|---|---|---|---|
| 003 | CHAP | ||
| 005 | 20220329133612.0 | ||
| 008 | 971013s1993 r 00010 d | ||
| 010 | _a8422 | ||
| 011 | _a9394 | ||
| 035 | _a8629 | ||
| 040 | _cCHAP | ||
| 090 | _aTesis | ||
| 100 | 0 | 0 |
_aZúñiga Estrada, Lamberto. _9124222 |
| 245 | _aEficiencia en la absorción de nitrógeno de plantas de soya bajo condiciones de campo e invernadero | ||
| 260 |
_aMontecillo, Méx. : _bEl autor, _c1993 |
||
| 300 | _a118 h. | ||
| 502 | _aTesis (M.C. Esp. en Edafología) -- Colegio de Postgraduados. Centro de Edafología | ||
| 590 |
_aALEPH _b10 _c20130110 _lUCH01 _h1222 |
||
| 590 |
_aBATCH-UPD _b10 _c20130110 _lUCH01 _h0011 |
||
| 590 |
_aBATCH-UPD _b10 _c20130110 _lUCH01 _h1446 |
||
| 590 |
_aBATCH-UPD _b10 _c20130409 _lUCH01 _h1826 |
||
| 590 |
_aBATCH-UPD _b10 _c20130409 _lUCH01 _h1948 |
||
| 590 |
_aBATCH-UPD _b10 _c20130410 _lUCH01 _h0915 |
||
| 590 |
_aBATCH-UPD _b10 _c20130913 _lUCH01 _h1842 |
||
| 590 |
_aBATCH-UPD _b10 _c20130914 _lUCH01 _h1128 |
||
| 590 |
_aCONVERSION _b10 _c20130109 _lUCH01 _h1306 |
||
| 650 | 1 | 4 |
_aAbsorción (Fisiología) _9333 |
| 650 | 1 | 4 |
_aCultivos en invernadero. _930376 |
| 650 | 1 | 4 |
_aNitrógeno _xEfecto en soya. _981462 |
| 650 | 1 | 4 |
_aSoya _xRendimiento. _9109084 |
| 650 | 1 | 4 |
_aSoya _xVariedades. _9109096 |
| 901 | _aBK | ||
| 942 | _cFOLL | ||
| 949 |
_bBC _cTES _d-18900 _eTS1 _h25858 _i8629 _si |
||
| 949 |
_bBC _cTES _d33724000597324 _eTS2 _fc.2 _h25859 _i8629 _si |
||
| 999 |
_c8422 _d8422 |
||